MDQL
is popping MORE tags! Check the
thread
!
Quizzes
Events
Quiz Creation
Community
Videos
Private Events
Remove Ads
Sign In
Join for FREE
Feedback
Dark Mode
Quiz Categories
Sports
Geography
Music
Movies
Television
Just For Fun
Miscellaneous
History
Literature
Language
Science
Gaming
Entertainment
Religion
Holiday
For Kids
Quiz Lab
Recent
Popular Today
Quiz Kudos Today
Editor Picks
Curator Picks
Quizzes by...
Day
Popularity
Type
Ratings
Length
Year
Community
Subscriptions
Recent Discussions
Orange Saloon
Badges
Playlists
Quests
Create
Leaderboards
Showdown
Live 5
Trivia Bingo
Activity
Puzzle Library
Sporcle Events
Private Events
Virtual Trivia
Globe League
Become a Host
Pub Owners
SporcleCon
Opinionation
Our Games
Videos
Blog
Mobile Apps
Partnerships
Remove Ads and Go Orange
Feedback
Movies
Disney
Marvel Cinematic Universe
Movie Resume
Movie Titles
Oscar
Actor
Actress
Director
Pixar
Role
Movie Quotes
Movie Characters
Box Office
Nominee
Best Picture
Star Wars
James Bond
Horror Movies
Movies
Disney
Marvel Cinematic Universe
Movie Resume
Movie Titles
Oscar
Actor
Actress
Director
Pixar
Role
Movie Quotes
Movie Characters
Box Office
Nominee
Best Picture
Star Wars
James Bond
Horror Movies
Random Quiz
Search Sporcle
×
Quiz Lab
Quiz Lab
Movies
Director
Type in answers that appear in a list
Type in answers that appear in a list
Classic
Best Score? Go Orange.
TSPDT Greatest Directors Stats
Can you name the directors receiving a ranking of 8 out of 10 or higher from They Shoot Pictures, Don't They?
By
Arbogast
15m
84 Questions
741 Plays
741 Plays
741 Plays
Comments
Comments
Give Quiz Kudos
Give Quiz Kudos
-
- Ratings
hide this ad
Replay
Link that replays current quiz
Next Quiz
Link to next quiz in quiz playlist
You Got
0%
They Got
Avg Score
64%
Avg Friend Score
Upgrade to see
Score Distribution
Jump to the score distribution portion of the page
Score
0/84
Timer
15:00
0
Plays Today
TSPDT Rating
Director
% Correct
10
Alfred Hitchcock
98.4%
10
Martin Scorsese
97.4%
8+
Steven Spielberg
95.1%
9-
John Ford
94.7%
9-
Joel & Ethan Coen
94.2%
8+
Woody Allen
94.1%
9-
Stanley Kubrick
93.7%
8+
Orson Welles
93.1%
9
Billy Wilder
92.7%
9-
Akira Kurosawa
91.5%
8+
Charlie Chaplin
91.2%
8+
Clint Eastwood
91.1%
8
Sergio Leone
90.3%
8
Roman Polanski
89.7%
10
Fritz Lang
89.2%
9-
Ingmar Bergman
88.7%
8
David Lean
88.5%
8
Frank Capra
87.9%
8+
Elia Kazan
87.7%
8
Paul Thomas Anderson
86.4%
9
Francois Truffaut
86%
8+
Buster Keaton
85.7%
8
John Huston
85.2%
8
Robert Altman
84.1%
8+
Jean-Luc Godard
83.4%
9-
Terrence Malick
82.2%
8
Werner Herzog
81.9%
8
Sidney Lumet
81.6%
TSPDT Rating
Director
% Correct
8
D.W. Griffith
81.1%
8
Michael Curtiz
81%
9
Jean Renoir
80.8%
9
Yasujiro Ozu
79.9%
10
Howard Hawks
79.8%
8
Stanley Donen & Gene Kelly
78.9%
10
Luis Bunuel
74.9%
9-
Nicholas Ray
74%
8
Satyajit Ray
73.8%
8+
William Wyler
73.7%
8
F.W. Murnau
73.3%
8
Steven Soderbergh
72.9%
9-
George Cukor
66.7%
8+
Joseph L. Mankiewicz
66.7%
9
Rainer Werner Fassbinder
66.1%
9-
Robert Bresson
65%
9-
Ernst Lubitsch
64.5%
8+
Robert Wise
64.1%
8
Krzysztof Kieslowski
62.3%
8
Michael Powell & Emeric Pressburger
61.5%
8
Erich von Stroheim
60.9%
9-
Otto Preminger
60.7%
9-
Kenji Mizoguchi
60.1%
9
Douglas Sirk
59%
8
Alain Resnais
58.7%
8
Jean Vigo
58.7%
8+
Roberto Rossellini
58.3%
8+
Jean-Pierre Melville
57.5%
TSPDT Rating
Director
% Correct
8
Preston Sturges
56.7%
8
Max Ophuls
54.7%
9
King Vidor
54.1%
8
Josef von Sternberg
48.6%
9-
Samuel Fuller
47.2%
9-
Eric Rohmer
45.6%
8+
Don Siegel
45.3%
9-
Vincente Minnelli
45.2%
8+
Robert Aldrich
44.3%
8
Raoul Walsh
44.1%
8
Zhang Yimou
43.6%
9
Anthony Mann
41.7%
8
Jacques Rivette
41.2%
8
Jacques Tourneur
40.5%
9-
Claude Chabrol
40.2%
9-
Frank Borzage
36.2%
8+
William Wellman
35.1%
8
Rene Clair
30.6%
8
Joseph Losey
28.2%
8
Robert Siodmak
27.5%
8
Jacques Becker
24.4%
8
Joseph H. Lewis
19.8%
8
Stan Brakhage
19.7%
8
Edward Dmytryk
15.1%
8
Mervyn LeRoy
14%
8
William Dieterle
13.4%
8
Henry Hathaway
12.7%
8
Mitchell Leisen
9.9%
Quiz Playlist
Details
Report
Send in Message
Add To Playlist
Classic:
Type in answers that appear in a list
Quiz Source
Last Updated: Jun 24, 2017
Quiz Scoreboard
CHALLENGE
Sign Up to Join the Scoreboard
Show All
Scores
Hide
Comments
May contain spoilers
Recently Published
Image Sorting: Flags VI
by Barbecue
Geography
2m
Find the 'City' Movie
by crazypaving
Movies
60s
Colored Red Africa Blitz
by spor1
Geography
45s
More to Explore
Quiz From the Vault
Featured Blog Post
14 Easter Pick-up Lines to Find Eggs With
hide this ad
You Might Also Like...
Tags
Director Quiz
greatest
Image Quiz
Rating
Receiving
shoot
They Shoot
tspdt
Today's Top Quizzes in Movies
Browse Movies
hide this ad
Today's Top Quizzes in Director
Browse Director
Top Contributed Quizzes in Movies
1
Find The 'Big' Movie
2
Find The 'Blue' Movie
3
Find The 'Wild' Movie
4
Movies By Plot
5
The ultimate James Bond movie quiz
6
Hidden Star Wars Character II
7
Pick 5 Posters: Directed by Spielberg
8
Hidden Star Wars Character III
9
Hidden Star Wars Character IV
10
25 Best Actor Nominees (1990s)
Explore More
Trending Topics
Harry Potter
Kpop
Anime
Marvel
NBA
Disney
Crossword
Country
WWE
Puzzle
Soccer
The Office
Song
Pokémon
NFL
hide this ad
More By:
Arbogast
Quiz
Plays
Rating
Category
Featured
Created
All NBA Team players 2000-2009
9,920
4.50
Sports
Mar 28, 2010
Empire Magazine's 500 Greatest Movies of All Time: 1-250
5,065
3.68
Movies
Sep 20, 2011
Most Oscar Nominated Directors
4,599
4.46
Movies
Oct 10, 2011
EVERY Nominee for Best Comedy Series Emmy
4,491
3.75
Television
Aug 27, 2011
All NBA Team players 1990-1999
4,073
4.44
Sports
Mar 28, 2010
Go to Creator's Profile
Score Distribution
Quiz Creator Spotlight
Arbogast
Follow
Send a Message
Quizzes Created
-
Created Quiz Play Count
-
More By This Creator
Popular Quizzes Today
1
Colored Red Africa Blitz
2
Find the US States - No Outlines Minefield
3
Find the 'City' Movie
4
5x2 Blitz: Bands
5
The Countries of the World
6
Find the US States
7
Find the Countries of Europe - No Outlines Minefield
8
US States
More Movies Quizzes
Not the Main Character II
Published
Trending Quizzes
Colored Red Europe Blitz I
Colored Red Europe Blitz II
Colored Red Africa Blitz II
Colored Red Europe Blitz III
Colored Red Africa Blitz III
Recently Updated
How Do You Spell That?
pecheneg
Godzilla Movies
pecheneg
Grab Bag: 4-10 Letters
pecheneg
2024 March Madness Bracket
pecheneg
Famous TV Couples
Peacemaker
Champions League XIs: Real Madrid
pecheneg
Largest US Cities 1790-2010
pecheneg
Rides in Walt Disney World
pecheneg
Most Oscar Losses (Acting)
pecheneg
Beyoncé Albums
pecheneg
Trending Topics
Harry Potter
NBA
Marvel
Disney
Anime
Kpop
Crossword
Country
NFL
WWE
Pokémon
The Office
Song
Puzzle
Soccer
Your Account Isn't Verified!
In order to create a playlist on Sporcle, you need to verify the email address you used during registration. Go to your
Sporcle Settings
to finish the process.
Report this User
Report this user for behavior that violates our
Community Guidelines
.
Details:
Send Report
Go to the Sporcle.com Mobile Site →
Comments